Coastal Morphology Assessment and Coastal Protection (Record no. 22274)

MARC details
000 -LEADER
fixed length control field 00833nam a2200133Ia 4500
008 - FIXED-LENGTH DATA ELEMENTS--GENERAL INFORMATION
fixed length control field 220620s9999||||xx |||||||||||||| ||und||
020 ## - INTERNATIONAL STANDARD BOOK NUMBER
International Standard Book Number 9783040000000
245 #0 - TITLE STATEMENT
Title Coastal Morphology Assessment and Coastal Protection
546 ## - LANGUAGE NOTE
Language note English[eng]
650 ## - SUBJECT ADDED ENTRY--TOPICAL TERM
Topical term or geographic name entry element coastal dunes||barrier dynamics||overwash||coastal erosion||dune cannibalization||tsunami inundation simulation||topography change due to a huge tsunami||wall/pillar resistance against tsunami||CSG dike||cross-shore profile||sediment transport rates||semi-enclosed sea||sandy coast||dune development||gravel barrier beaches||storms||XBeach||morphodynamic change||bimodal spectrum||car and ship||container||driftwood||impact force||large tsunami||tsunami driftage||n/a
700 ## - ADDED ENTRY--PERSONAL NAME
Personal name Yamamoto, Yoshimichi
856 ## - ELECTRONIC LOCATION AND ACCESS
Uniform Resource Identifier <a href="https://mdpi.com/books/pdfview/book/4536">https://mdpi.com/books/pdfview/book/4536</a>
942 ## - ADDED ENTRY ELEMENTS (KOHA)
Koha item type E-Books
Holdings
Withdrawn status Lost status Damaged status Not for loan Home library Current library Date acquired Total Checkouts Date last seen Price effective from Koha item type
        Kerala University of Digital Sciences, Innovation and Technology Knowledge Centre Kerala University of Digital Sciences, Innovation and Technology Knowledge Centre 20/06/2022   20/06/2022 20/06/2022 E-Books